LDR 01201nam a2200277 4500 001 000000367997 003 CaOOAMICUS 005 20260605155045.0 008 260605s1995 it 000 u ita r 020 $a88-7910-654-6 040 $aSeMil$bita 100 1 $aRougemont, Denis : de,$d<1906-1985>.$0(OLS)http://semarc/name/34897 240 12$aL'un et le divers.$0(OLS)http://semarc/title/460037 245 12$aL'uno e il diverso :$bper una nuova definizione del federalismo /$cDenis de Rougemont ; introduzione di Giuseppe Goisis. 264 1$aRoma :$bLavoro,$c1995. 300 $aLIV, 48 p. ;$c18 cm 490 1 $aI grandi piccoli ;$v5 700 1 $aGoisis, Giuseppe L.,$d<1944-2023>.$0(OLS)http://semarc/name/56808 830 2$aI grandi piccoli ;$v5.$0(OLS)http://semarc/title/9710 850 $aSeMil 852 $aSeMil$W1$xVenegono$y1$B258651$CSeMilBibl$Z2$F258651 $81 961 $aBuzzi mons. Franco - Omaggio 996 $6020$a88-7910-654-6$9(OLS)http://semarc/number/306038 996 $6245$aL'uno e il diverso :$bper una nuova definizione del federalismo$9(OLS)http://semarc/title/460038 996 $6264$aRoma :$bLavoro$9(OLS)http://semarc/publisher/63087